000 00598nam a2200181 a 4500
001 636661
008 140812s1994 ||||||||||||||||| || u
010 _a93043318
020 _a0062730894 :
050 _a791.43 Kat
100 _aKatz, Ephraim
245 1 4 _aThe film encyclopedia
_cEphraim Katz.
250 _a[2nd ed.].
260 _aNew York
_bHarperCollins Publishers
_c1994
300 _a1496 p.
650 0 _aMotion pictures--Encyclopedias
995 _aAMERICAN CORNER
_e0107916
_FCBU-DAG HAMMARSKJOLD INSTITUTE LIBRARY
_jREF 791.43 Kat
_M1
_UREFERENCE
_WAug 12, 2014
_y0107916
_ZAmerican Collection
999 _c245
_d245